[Event "Bad Pyrmont Pape op-A 2nd"]
[Site "Bad Pyrmont"]
[Date "2023.08.12"]
[Round "4"]
[White "Root, Martin"]
[Black "Luebeck, Stephan"]
[Result "0-1"]
[WhiteElo "1812"]
[BlackElo "2002"]
[PlyCount "50"]
[EventDate "2023.08.10"]
[EventType "swiss"]
[EventRounds "7"]
[EventCountry "GER"]
[SourceTitle "EXT 2024"]
[Source "ChessBase"]
[SourceDate "2023.10.10"]
[SourceVersion "1"]
[SourceVersionDate "2023.10.10"]
[SourceQuality "1"]

1. e4 g6 2. d4 Bg7 3. c4 d6 4. Nc3 Nc6 5. d5 Nd4 6. Nge2 e5 7. Nxd4 exd4 8. Nb5 c5 9. dxc6 bxc6 10. Nxd4 Qa5+ 11. Bd2 Qe5 12. Qc2 f5 13. Nxc6 Qxe4+ 14. Qxe4+ fxe4 15. 0-0-0 Bd7 16. Nb4 Ne7 17. Bf4 Rf8 18. Bxd6 Rxf2 19. Nc2 Bh6+ 20. Kb1 Nf5 21. Bc5 e3 22. Bxe3 Nxe3 23. Nxe3 Bxe3 24. Re1 Bf5+ 25. Ka1 0-0-0 0-1

[Event "Bad Pyrmont Pape op-A 2nd"]
[Site "Bad Pyrmont"]
[Date "2023.08.11"]
[Round "2"]
[White "Root, Martin"]
[Black "Aden, Tammo"]
[Result "0-1"]
[WhiteElo "1812"]
[BlackElo "2014"]
[PlyCount "84"]
[EventDate "2023.08.10"]
[EventType "swiss"]
[EventRounds "7"]
[EventCountry "GER"]
[SourceTitle "EXT 2024"]
[Source "ChessBase"]
[SourceDate "2023.10.10"]
[SourceVersion "1"]
[SourceVersionDate "2023.10.10"]
[SourceQuality "1"]

1. e4 c6 2. d4 d5 3. e5 Bf5 4. Nd2 e6 5. Nb3 Nd7 6. Nf3 Qc7 7. Be2 Ne7 8. 0-0 Ng6 9. Bd2 Be7 10. a4 0-0 11. a5 c5 12. c3 Rac8 13. Nc1 Nb8 14. Nd3 Nc6 15. Qa4 Bg4 16. Nde1 Nh4 17. g3 Nf5 18. Bd3 a6 19. Kg2 c4 20. Bb1 Bd8 21. Qc2 Nxa5 22. h3 Bxf3+ 23. Nxf3 Nb3 24. Ra2 g6 25. h4 f6 26. g4 fxe5 27. gxf5 e4 28. Ng5 Rxf5 29. Nxe6 Qf7 30. Nxd8 Rxd8 31. Bg5 Rf8 32. Qe2 Rf3 33. Be3 Qf5 34. Rh1 Qg4+ 35. Kf1 Nc1 36. Bxc1 Rxf2+ 37. Qxf2 Qd1+ 38. Kg2 Rxf2+ 39. Kxf2 Qxh1 40. Bxe4 dxe4 41. Bg5 Qf3+ 42. Ke1 e3 0-1

[Event "Heusenstamm Schloss op"]
[Site "Heusenstamm"]
[Date "2022.11.20"]
[Round "7"]
[White "Wachsmann, Dietmar"]
[Black "Root, Martin"]
[Result "1-0"]
[WhiteElo "1981"]
[BlackElo "1771"]
[PlyCount "59"]
[EventDate "2022.11.17"]
[EventType "swiss"]
[EventRounds "7"]
[EventCountry "GER"]
[SourceTitle "CBM 212 Extra"]
[Source "ChessBase"]
[SourceDate "2023.03.31"]
[SourceVersion "1"]
[SourceVersionDate "2023.03.31"]
[SourceQuality "1"]

1. e4 c5 2. Nf3 e6 3. d4 cxd4 4. Nxd4 a6 5. Nc3 Qc7 6. Bd3 Nf6 7. 0-0 Nc6 8. Nxc6 bxc6 9. f4 Bc5+ 10. Kh1 h5 11. e5 Ng4 12. Ne4 Qa7 13. Qe2 Be7 14. Bd2 Bb7 15. Rae1 c5 16. c4 Qb6 17. Be3 f5 18. exf6 gxf6 19. b4 Nxe3 20. Qxe3 f5 21. Nxc5 Bxc5 22. bxc5 Qc6 23. Rf2 Rg8 24. Rg1 0-0-0 25. Be2 h4 26. Bf3 Qc7 27. Rb1 Bxf3 28. Qxf3 d5 29. cxd6 Qxd6 30. Qb7# 1-0